Statistiques concernant En quelle année ce pays a gagné l'Euro (football) ?

Cliquez ici pour prendre le quiz!

Statistiques générales

  • Ce quiz a été pris 103 fois
  • Le résultat moyen est 13 sur 15

Statistiques - réponses

PaysAnnée de victoire% Correct
France (2nde fois)2000
99%
France (1ère fois)1984
96%
Grèce2004
96%
Portugal2016
96%
Danemark1992
95%
Espagne (3ème fois)2012
95%
Espagne (2ème fois)2008
94%
Allemagne (3ème fois)1996
90%
Allemagne (2ème fois)1980
86%
Allemagne (1ère fois)1972
85%
Espagne (1ère fois)1964
84%
Pays-Bas1988
84%
Russie (Union soviétique)1960
80%
République Tchèque (Tchécoslovaquie)1976
80%
Italie1968
79%

Distribution des résultats

Percentile par nombre de réponses

% des personnes avec chaque résultat

Votre développement - résultats

Vous n’avez pas pris ce quiz